| 000 | 00682nam a2200229 a 4500 | ||
|---|---|---|---|
| 001 | 000008049 | ||
| 005 | 20200929154417.0 | ||
| 008 | 840111s1997 sp 000 f spa d | ||
| 020 | _a8440719825 | ||
| 040 |
_aDO-SdBNP _cDLC _dDLC |
||
| 082 |
_a863.6 _bC392ma |
||
| 100 | 1 |
_aCela, Camilo José, _d1916-2002. _93188 |
|
| 245 | 1 | 0 |
_aMazurca para dos muertos / _cCamilo José Cela. |
| 260 |
_aBarcelona : _bClub Internacional del Libro, _c1997. |
||
| 300 |
_a315 p. ; _c21 cm. |
||
| 586 | _a"Premio Cervantes 1995". | ||
| 500 | _aIncluye vocabulario gallego-castellano | ||
| 650 | 4 |
_aNovela española _91123 |
|
| 650 | 4 |
_aLiteratura española _9632 |
|
| 910 | _aWM | ||
| 049 | _aBNGR | ||
| 999 |
_c7826 _d7826 |
||